000 02042cam a22005774i 4500
003 PE-LiUPU
005 20250731180111.0
008 170727s2010 sp a rb 001 0 spa d
020 _a8428380759
020 _a9788428380751
035 _a(Sirsi) a238047
040 _aPE-LiUPU
_bspa
_cPE-LiUPU
_erda
049 _aPRUA
082 0 4 _a509
_bL54
_221
100 1 _aLevy, Joel,
_eautor.
245 1 0 _aRivalidades científicas :
_bde Galileo al proyecto genoma humano /
_cJoel Levy ; [traducción Antonio Rincón].
264 1 _aMadrid :
_bParaninfo,
_c2010.
300 _a224 páginas :
_bilustraciones ;
_c27 centimetros
336 _atext
_2rdacontent
337 _aunmediated
_2rdamedia
338 _avolume
_2rdacarrier
526 _aSEG44
526 _aSEG26
526 _aP159
526 _aP155
526 _aP154
526 _aP153
526 _aP150
526 _aP100
526 _aP31
526 _aP30
526 _aP26
526 _aP25
526 _aP24
526 _aP22
526 _aP15
526 _aP10
504 _aBibliografía : páginas 216-217.
504 _aÍndices: páginas220-223.
505 0 _aCiencia de la tierra -- Evolución y paleobiología -- Biología y medicina -- Física, astronomía y matemáticas -- Crónicas.
650 0 4 _aCiéncia
_xHistória.
650 0 4 _aCientíficos.
650 0 4 _aHistòria de la ciència.
910 _ajck
_bjvq
_cjpc
_d20170727
942 _2ddc
_cBOOK
949 _a509 L54
_wDEWEY
_c1
_i76295
_lCATALOGING
_mBUL
_p43.00
_r0
_sY
_tBOOK
_u2017-07-27
_xINGENIERIA
_PP06
_0COMPRA
_o.CIRCNOTE. El documento es de alto precio.
_o.STAFF. Colección Ingeniería y Arquitectura
994 _aC0
_bPEPRU
596 _a1
999 _a509 L54
_wDEWEY
_c24756
_i76295
_d24756
_e2017-11-2
_f2021-11-9
_g3
_lCCODEBUL1
_mBUL
_n5
_p43.00
_q1
_r0
_sY
_tBOOK
_u2017-7-27
_xINGENIERIA
_PP06
_0COMPRA
_o.STAFF. Colección Ingeniería y Arquitectura
980 _81
_gALBERTO SANCHEZ Responsable de Automatización